000 00689nam a2200265Ia 4500
005 20260121170321.0
008 008 260114s9999 xx 000 0 eng d
020 _a9789462652316
037 _aEBOOK
040 _aCRL
040 _beng
040 _cCRL
041 _2eng
041 _aeng
084 _qCRL
100 _aNienke van der Have
_91062418
245 4 _aThe Prevention of Gross Human Rights Violations Under International Human Rights Law
260 _bSpringer
260 _bSpringer
260 _c2018
856 _uhttps://link.springer.com/openurl?genre=book&isbn=978-94-6265-231-6
942 _cEBOOK
999 _c1628147
_d1628147